00277pab a2200121 454500008004000000100002400040245002000064260000900084300001300093362001200106650002000118773001700138180718b2006 xxu||||| |||| 00| 0 eng d aSingh, Pankaj Kumar aPlea bargaining c2006 ap.14-17. aJul-Dec aLegal procedure aCBI Bulletin